00604 2200229 4500001002100000005001500021035002000036007000300056008004100059020002200100082001000122084001600132100001800148245004800166260002900214300002900243500001300272650003600285504003100321990001100352990001100363INLIS00000000000416020191007095059 a0010-1019000012ta191007 g 0 ind  a978-602-74184-8-6 a070.1 a070.1 ABD m0 aABDUL, Syukur1 aMenjadi Penulis Profesional /cAbdul Syukur aMalang :bBeranda,c2017 aviii, 104 hlm. ;c21 cm. aLampiran 4aJURNALISME. MENULIS PROFESIONAL aBibliografi : hlm. 103-104 a6937 a a6937 b